History of Indian and Eastern architecture (Record no. 9755)
[ view plain ]
| 000 -LEADER | |
|---|---|
| fixed length control field | 00424 a2200169 4500 |
| 003 - CONTROL NUMBER IDENTIFIER | |
| control field | OSt |
| 005 - DATE AND TIME OF LATEST TRANSACTION | |
| control field | 20220302153230.0 |
| 008 - FIXED-LENGTH DATA ELEMENTS--GENERAL INFORMATION | |
| fixed length control field | 220302b ||||| |||| 00| 0 eng d |
| 020 ## - INTERNATIONAL STANDARD BOOK NUMBER | |
| International Standard Book Number | 9781172803507 |
| 100 ## - MAIN ENTRY--PERSONAL NAME | |
| Personal name | James Fergusson |
| 110 ## - MAIN ENTRY--CORPORATE NAME | |
| Corporate name or jurisdiction name as entry element | Fergusson, James |
| 245 ## - TITLE STATEMENT | |
| Title | History of Indian and Eastern architecture |
| 260 ## - PUBLICATION, DISTRIBUTION, ETC. (IMPRINT) | |
| Name of publisher, distributor, etc | Naby Press |
| 700 ## - ADDED ENTRY--PERSONAL NAME | |
| Personal name | Burgess, James |
| 700 ## - ADDED ENTRY--PERSONAL NAME | |
| Personal name | Phené Spiers, Richard |
| 942 ## - ADDED ENTRY ELEMENTS (KOHA) | |
| Source of classification or shelving scheme | |
| Withdrawn status | Lost status | Source of classification or shelving scheme | Damaged status | Koha normalized classification for sorting | Not for loan | Permanent location | Current location | Date acquired | Source of acquisition | Cost, normal purchase price | Full call number | Barcode | Date last seen | Cost, replacement price | Price effective from | Koha item type | Total Checkouts | Date last borrowed |
|---|---|---|---|---|---|---|---|---|---|---|---|---|---|---|---|---|---|---|
| 720_954000000000000_FER | BMS College of Architecture, Design and Planning | BMS College of Architecture, Design and Planning | 2022-03-02 | 1 | 1496.25 | 720.954 FER | AR-UG2712 | 2022-03-02 | 1995.00 | 2022-03-02 | UG Books | |||||||
| 720_954000000000000_FER | BMS College of Architecture, Design and Planning | BMS College of Architecture, Design and Planning | 2022-03-02 | 1 | 1496.25 | 720.954 FER | AR-UG2711 | 2022-03-02 | 1995.00 | 2022-03-02 | UG Books | |||||||
| 720_954000000000000_FER | BMS College of Architecture, Design and Planning | BMS College of Architecture, Design and Planning | 2022-03-02 | 1 | 1496.25 | 720.954 FER | AR-UG2708 | 2022-03-02 | 1995.00 | 2022-03-02 | UG Books | |||||||
| 720_954000000000000_FER | BMS College of Architecture, Design and Planning | BMS College of Architecture, Design and Planning | 2022-03-02 | 1 | 1496.25 | 720.954 FER | AR-UG2709 | 2022-03-02 | 1995.00 | 2022-03-02 | UG Books | |||||||
| 720_954000000000000_FER | BMS College of Architecture, Design and Planning | BMS College of Architecture, Design and Planning | 2022-03-02 | 1 | 1496.25 | 720.954 FER | AR-UG2710 | 2025-08-13 | 1995.00 | 2022-03-02 | UG Books | 1 | 2025-08-12 |